| 000 | 01000nam a2200265 a 4500 | ||
|---|---|---|---|
| 001 | 26057 | ||
| 003 | CO-ViMGA | ||
| 005 | 20230915232144.0 | ||
| 008 | 141112s2004 ck r 000 u spa d | ||
| 020 | _a9789879452394 | ||
| 035 | _aAHY0557 LA | ||
| 040 |
_aCO-ViMGA _bspa _cCO-ViMGA |
||
| 041 | _aspa | ||
| 082 | 0 | 4 | _a796.019 L35p |
| 100 | 1 |
_aLinares, Rafael Eduardo _940671 |
|
| 111 |
_aSeminario Internacional Psicología del Deporte (1996 : Lima) _940672 |
||
| 245 | 1 | 0 |
_aPsicología del deporte : _bLa ventaja deportiva psicològica, una mirada distinta / _cRafael Eduardo Linares |
| 260 |
_aArgentina : _bEditorial Brujas, _c2013 |
||
| 300 | _a242 p. : 20 cm. | ||
| 504 | _aIncluye bibliografía. | ||
| 650 | 1 | 4 |
_aDeportes - Aspectos psicológicos _920419 |
| 942 |
_2ddc _cBK |
||
| 949 | _an n | ||
| 999 |
_c33284 _d33284 |
||